000 01145cam a2200361 4500
999 _c23383
_d23383
001 vtls012007232
005 20221006112420.0
008 220509s2020 xo er 000 f slo
020 _a9788057300748
_q(viazané)
035 _aurn:nbn:sk:snk-am00gm20
035 _aurn:nbn:sk:snk-am3j7h8
035 _a9C62B62A-FB75-487B-B8B9-6B98EBBD37D2
040 _aTVZK
_bslo
_cTVZK
_erda
041 0 _aslo
044 _axo
_cSK
072 7 _a821.162.4-3
_xSlovenská próza
_2konspekt
080 _a821.162.4-31
_22011
080 _a(0:82-312.5)
_22011
100 1 _aWurm, Monika,
_d1983-
_4aut
_91776
245 1 _aNedotknuteľný
_bpríbeh zlodeja z Indie
_cMonika Wurm
250 _aPrvé vydanie
264 1 _aBratislava
_bFortuna Libri
_c2020
300 _a586 strán
_c21 cm
336 _atext
_btxt
_2rdacontent
337 _abez média
_bn
_2rdamedia
338 _azväzok
_bnc
_2rdacarrier
500 _aObsahuje biografické o autorke
655 7 _aslovenské romány
_2SNKPH
_91694
655 7 _aľúbostné romány
_2SNKPH
_913
655 7 _aSlovak fiction
_2SNKPHeng
_91695
655 7 _aLove novels
_2SNKPHeng
_91667
958 _aLX